000
00309nam a22001337a 4500
008
180914b xxu||||| |||| 00| 0 eng d
020
_a
081513875
041
_a
eng
080
_a
616
100
_a
3
101
_a
SHM
245
_a
Medical Gases The Properties And Uses
_c
Grant.W.J
942
_2
udc
_c
BK
999
_c
47810
_d
47810